Garlanda de joyells (Record no. 162708)

MARC details
000 -LEADER
campo de control de longitud fija 00799nam a2200217 i 4500
001 - NÚMERO DE CONTROL
campo de control 162708
003 - IDENTIFICADOR DE NÚMERO DE CONTROL
campo de control ES-MaACL
005 - FECHA Y HORA DE LA ÚLTIMA TRANSACCIÓN
campo de control 20251114063123.0
008 - DATOS DE LONGITUD FIJA--INFORMACIÓN GENERAL
campo de control de longitud fija 000802s1879 sp |||| | cat d
040 ## - FUENTE DE CATALOGACIÓN
Centro catalogador/agencia de origen CCPB | B
Lengua de catalogación spa
Centro/agencia transcriptor CCPB | B
080 ## - NÚMERO DE LA CLASIFICACIÓN DECIMAL UNIVERSAL
Número de la Clasificación Decimal Universal 73
100 1# - ENTRADA PRINCIPAL--NOMBRE DE PERSONA
Nombre de persona Puiggarí, José,
Fechas asociadas al nombre 1821-1903
9 (RLIN) 131424
245 10 - MENCIÓN DEL TÍTULO
Título Garlanda de joyells
Resto del título : estudi e impressions de Barcelona monumental /
Mención de responsabilidad, etc. Joseph Puiggari.
260 ## - PUBLICACIÓN, DISTRIBUCIÓN, ETC.
Lugar de publicación, distribución, etc. Barcelona :
Nombre del editor, distribuidor, etc. [s.n.],
Fecha de publicación, distribución, etc. 1879 (
Fabricante La Renaixenca)
300 ## - DESCRIPCIÓN FÍSICA
Extensión 196 p. ;
Dimensiones 19 cm.
596 ## - NOTA AL PIE DE IMPRENTA
NOTA AL PIE DE IMPRENTA Imp. obtenido del prólogo.
650 #4 - PUNTO DE ACCESO ADICIONAL DE MATERIA--TÉRMINO DE MATERIA
Término de materia o nombre geográfico como elemento de entrada Monumentos-
Subdivisión geográfica Barcelona.
9 (RLIN) 159947
651 #4 - PUNTO DE ACCESO ADICIONAL DE MATERIA--NOMBRE GEOGRÁFICO
Nombre geográfico Barcelona (Provincia)-
Subdivisión general Descripción.
9 (RLIN) 153509
852 ## - LOCALIZACIÓN
Ubicación ES-MaACL
Número de control de estantería T-722-F-1
Nota libre - Enc. hol., conservando la enc. original
-- - Enc. en un vol. facticio
Holdings
Estatus retirado Estado de pérdida Estado de daño No para préstamo Colección Biblioteca de origen Biblioteca actual Ubicación en estantería Fecha de adquisición Total de préstamos Signatura topográfica completa Código de barras Visto por última vez Precio de reemplazo Tipo de ítem Koha
        Colección de folletos Biblioteca del Ateneo de Madrid Biblioteca del Ateneo de Madrid Depósito folletos 17/01/2008   T-722-F-1 1170464 23/02/2023 23/02/2023 Folleto